Statistiques concernant Equipe-Type du PSG (2010-2023)

Cliquez ici pour prendre le quiz!

Statistiques générales

  • Ce quiz a été pris 333 fois
  • Le résultat moyen est 103 sur 154

Statistiques - réponses

PosteJoueur% Correct
Kylian Mbappé
99%
Gardien
Gianluigi Donnarumma
98%
Neymar
98%
Marco Verratti
97%
| DéfenseursMarquinhos
97%
GardienKeylor Navas
96%
AttaquantsLionel Messi
95%
AttaquantsEdinson Cavani
93%
Presnel Kimpembe
92%
Thiago Silva
92%
AttaquantsZlatan Ibrahimović
92%
Achraf Hakimi
89%
Nuno Mendes
89%
GardienSalvatore Sirigu
82%
GardienKevin Trapp
81%
GardienAlphonse Areola
80%
| AttaquantsÁngel Di María
80%
MilieuxBlaise Matuidi
79%
Thiago Motta
78%
MilieuxVitinha
73%
MilieuxJavier Pastore
72%
Maxwell
70%
Ezequiel Lavezzi
67%
DéfenseursSergio Ramos
60%
David Luiz
59%
Lucas Moura
58%
Juan Bernat
56%
Danilo Pereira
55%
MilieuxLeandro Paredes
53%
Thomas Meunier
53%
Gregory van der Wiel
52%
Julian Draxler
52%
Adrien Rabiot
51%
Alex
50%
Christophe Jallet
50%
Idrissa Gueye
47%
AttaquantsNenê
43%
Dani Alves
41%
Moise Kean
39%
Ander Herrera
38%
Guillaume Hoarau
37%
Jérémy Ménez
37%
Mamadou Sakho
36%
Alessandro Florenzi
34%
MilieuxClément Chantôme
34%
Kévin Gameiro
30%
Pablo Sarabia
26%
Giovani Lo Celso
23%
Abdou Diallo
22%
Sylvain Armand
22%
GardienApoula Edel
18%
Zoumana Camara
17%
Claude Makélélé
15%
Mathieu Bodmer
15%
Ceará
12%
Péguy Luyindula
11%
MilieuxJérémy Clément
9%
Stéphane Sessègnon
9%
Ludovic Giuly
6%
Mevlüt Erdinç
6%
Siaka Tiéné
6%

Distribution des résultats

Percentile par nombre de réponses

% des personnes avec chaque résultat

Votre développement - résultats

Vous n’avez pas pris ce quiz